| 000 | 01875nam0a2200397 4500 | ||
|---|---|---|---|
| 001 | RU\NLR\BIBL_A\022100366 | ||
| 005 | 20260426030649.0 | ||
| 010 |
_a5-86863-073-4 _93000 |
||
| 035 | _a(NLR Aleph) 022100366 | ||
| 090 |
_a12744732 _c12744732 |
||
| 100 | _a20231220d1997 |||y0rusy50 ca | ||
| 101 | 0 | _arus | |
| 102 | _aRU | ||
| 105 | _ay z 000zy | ||
| 181 | 0 |
_ai _baxxe |
|
| 182 | 0 | _an | |
| 200 | 1 |
_aЦветы в легендах и преданиях _iФиалка, лилия, тюльпан _eиз книги Н. Ф. Золотницкого _e[миниатюрное издание] _fАСКИ, Фонд развития отечественного книгоиздания имени И. Д. Сытина |
|
| 203 |
_aТекст _bвизуальный _cнепосредственный |
||
| 210 |
_aМосква _cФонд им. И. Д. Сытина _d1997 |
||
| 215 |
_a251, [3] _d8 |
||
| 225 | 1 | _aБиблиотечка познавательного чтения | |
| 225 | 1 | _aПрограмма: миниатюрные книги | |
| 300 | _aНа обл. и суперобл. авт не указан | ||
| 606 | 1 |
_aЦветы _xв фольклоре _91861643 _3RU\NLR\AUTH\661135400 |
|
| 606 |
_aЦветы _xКультурологические исследования _92103677 _3RU\NLR\AUTH\661575652 |
||
| 686 | 1 | _aШ3(0)-694 | |
| 686 | 1 | _aТ3(0)0-7 | |
| 686 | 1 | _aЮ224.23 | |
| 700 | 1 |
_7ca _8rus _aЗолотницкий _bН. Ф. _f1851-1920 _gНиколай Федорович _9114801 _3RU\NLR\AUTH\774826 |
|
| 712 | 0 | 2 |
_4570 _aАссоциация книгоиздателей _cМосква _9286008 _3RU\NLR\AUTH\887013 |
| 852 |
_aNLR _j72-0/944 |
||
| 942 | _cBOOK | ||
| 980 | _aNB | ||